| 000 | 00811nam a2200265 i 4500 | ||
|---|---|---|---|
| 001 | 15580 | ||
| 003 | ES-MaACL | ||
| 005 | 20230906151116.0 | ||
| 007 | t| | ||
| 008 | 000403s1998 sp ||||0| spa j | ||
| 020 | _a84-7738-566-1 | ||
| 040 |
_aM-BN _bspa _cM-BN |
||
| 080 | _a62/69:1 | ||
| 080 | _a62/69:316.6 | ||
| 100 | 1 |
_aGonzález Quirós, José Luis. _9197252 |
|
| 245 | 1 | 3 |
_aEl porvenir de la razón en la era digital / _cJosé Luis González Quirós. |
| 260 |
_aMadrid : _bSíntesis, _c[1998] |
||
| 300 |
_a205 p. ; _c21 cm. |
||
| 490 | 1 |
_aFilosofía. Hermeneia ; _v1 |
|
| 650 | 1 | 4 |
_aTecnología- _xFilosofía. _917408 |
| 650 | 1 | 4 |
_aTecnología- _xAspectos sociales. _917400 |
| 830 | 0 |
_aFilosofía. Hermeneia ; _v1 _9228588 |
|
| 852 |
_aES-MaACL _jL-22723 _bR.128069 |
||
| 999 |
_c15580 _d15580 |
||